| 000 | 00829nam a2200241 a 4500 | ||
|---|---|---|---|
| 001 | 000026786 | ||
| 003 | OSt | ||
| 005 | 20250409122710.0 | ||
| 008 | 110325s1981 dr c r 000 0 spa d | ||
| 040 |
_aDO-SdBNP _bspa _cDO-SdBNP |
||
| 082 |
_aRD861.44 _bH519h |
||
| 100 | 1 |
_aHenríquez Vergez, Homero _925209 |
|
| 245 | 1 | 0 |
_aHéroes de América : _b(poemas y síntesis históricas) / _cHomero Henríquez Vergez; prólogo Mariano Lebrón Saviñón |
| 260 |
_aSan Pedro de Macorís, República Dominicana : _bUCE, _c1981. |
||
| 300 |
_av. : _bretrs. ; _c23 cm. |
||
| 504 | _aBibliografía : p. 145-148 | ||
| 590 | _aInventariado, 2019/BT | ||
| 650 | 7 |
_aLiteratura dominicana _xHistoria _91311 |
|
| 650 | 7 |
_aPoesía dominicana _976958 |
|
| 710 | 1 |
_aUniversidad Central del Este _937229 |
|
| 942 |
_2ddc _cLBS1 |
||
| 956 | _aVMateo | ||
| 999 |
_c26278 _d26278 |
||